| 000 | 006290000a22001810004500 | ||
|---|---|---|---|
| 008 | 230817t ||||| |||| 00| 0 eng d | ||
| 020 | _a2912606055 | ||
| 082 |
_a305.42 _bINT |
||
| 110 | _aInternational Women's Human Rights Clinic | ||
| 245 |
_a Shadow report on Algeria : _b to the Committee on the Elimination of Discrimination Against Women, January, 1999 |
||
| 260 |
_a[Grabels]; _bWomen Living Under Muslim Laws, _c2000 |
||
| 300 | _a24 p. ; 21 cm | ||
| 650 | _aSex discrimination against women -Algeria | ||
| 650 | _aWomen in Islam | ||
| 650 | _aWomen's rights | ||
| 710 | _aWomen Living Under Muslim Laws | ||
| 942 | _cRP | ||
| 999 |
_c132 _d132 |
||